[Event "Stay Safe Play From Home 364"]
[Site "Emanuel Lasker Arena"]
[Date "2020.08.07"]
[Round "6"]
[White "Stefanone"]
[Black "Lamborghini"]
[Result "0-1"]
[WhiteElo "1973"]
[BlackElo "2324"]
[Annotator "TA"]
[PlyCount "112"]
[EventDate "2020.08.07"]
[EventType "swiss (blitz)"]

{[%evp 10,112,22,-16,33,0,9,-11,-16,-63,-35,-44,-49,-62,-56,-80,-38,-64,-35,-60,-55,-96,-86,-89,-92,-288,-278,-295,-237,-313,-226,-286,-268,-282,-164,-251,-182,-219,-103,-198,-111,-211,-200,-315,-319,-352,-356,-417,-409,-378,-239,-495,-494,-487,-468,-639,-594,-714,-704,-1265,-1287,-2268,-573,-1571,-1466,-2247,-2426,-29990,-29988,-29988,-4702,-2307,-1129,-1100,-1047,-1843,-1129,-1073,-1004,-981,-958,-993,-985,-4798,-5379,-3475,-1257,-5942,-5942,-29979,-29980,-29980,-29981,-29981,-29981,-29982,-29983,-29983,-29984,-29990,-29985,-29985,-29986,-29996,-29997]} 1. d4 Nf6 2. e3 g6 3. Nf3 Bg7 4. b3 O-O 5. Bb2 d5 6. Bd3 a5 {D04: Colle System.} 7. a4 {[#]} Na6 $146 {[%cal Bb8a6,Ba6b4,Bb4d3][%mdl 32]} ({Predecessor:} 7... Nc6 8. O-O Nb4 9. Be2 Bf5 10. Na3 Re8 11. c3 Na6 12. Rc1 c5 13. Nb5 b6 14. Re1 {1-0 (37) Arias,M (1612)-Gugliotta,M (1568) Buenos Aires 2017}) 8. Qe2 Nb4 {The position is equal.} 9. Ba3 Nxd3+ 10. Qxd3 Re8 11. Nbd2 b6 12. c4 Ba6 13. Ne5 e6 14. f4 Nd7 15. Nxd7 {Hoping for Ne5.} Qxd7 16. Rc1 c5 17. Nf3 $2 (17. dxc5 $17 bxc5 18. O-O) 17... dxc4 $19 18. bxc4 cxd4 19. exd4 Rad8 20. Bb2 Qxa4 21. O-O Qc6 (21... Rc8 $142 {[%cal Ra6c4]} 22. Ne5 Bxe5 23. fxe5 Bxc4) 22. Rfd1 (22. Ne5 {was necessary.} Qc7 23. Rf2) 22... Bb7 23. Rc2 Rd7 (23... Qc7 $19 {has better winning chances.} 24. g3 Rc8) 24. Rcd2 (24. Ne5 $17 Bxe5 25. fxe5) 24... Red8 (24... Rc8 $19 25. Rc1 Rdc7) 25. Qc2 (25. Ne5 $17 Bxe5 26. fxe5) 25... b5 26. c5 (26. Ne5 {might work better.} Bxe5 27. fxe5) 26... Qe4 27. Qxe4 Bxe4 28. Ne5 Bxe5 29. fxe5 Bd5 30. Bc3 $2 (30. Ra1 Ra8 31. Bc1) 30... b4 31. Bb2 a4 32. Bc1 a3 33. Rd3 Ra8 34. Bd2 b3 35. Rb1 b2 (35... a2 $142 36. Rdxb3 Bxb3) 36. Bc3 Be4 {Threatens to win with ...a2.} 37. Rdd1 Bxb1 38. Rxb1 {[%mdl 4096] Endgame KRR-KRB} Rb7 39. c6 Rc7 (39... a2 $142 40. Rf1 a1=Q {[%mdl 64] Promotion} 41. Rxa1 Rxa1+ 42. Kf2 b1=Q 43. cxb7 Qc2+ {[%mdl 64] Double Attack} 44. Kg3 Qxc3+ {[%mdl 64] Double Attack} 45. Kh4 Qxd4+ {[%mdl 64] Double Attack} 46. Kh3 Qd3+ 47. Kh4 Ra4+ 48. g4 {[#]} g5+ $1 {[%mdl 576] Decoy} 49. Kxg5 Qg6+ 50. Kh4 Qxg4#) 40. Bxb2 axb2 (40... Rb8 $142 41. Bxa3 Rxb1+ 42. Kf2 Rxc6) 41. Rxb2 Rxc6 42. Rd2 Rd8 43. Kf2 Rd5 44. Ke3 Rc4 45. g4 f5 46. g5 {[#]} f4+ $1 47. Ke4 (47. Kxf4 Rdxd4+) 47... Kf7 48. h4 {[#]} f3 $1 49. Rf2 (49. Kxf3 Rdxd4) 49... Rdxd4+ {Black mates.} 50. Ke3 Rf4 51. Kd3 Rcd4+ 52. Ke3 Rde4+ {[%mdl 64] Double Attack} 53. Kd3 Rxe5 54. Rc2 Rd5+ 55. Ke3 f2 56. Kxf4 f1=Q+ {White did not feel at home in the position after the opening. Accuracy: White = 17%, Black = 43%.} 0-1

[Event "Stay Safe Play From Home 364"]
[Site "Emanuel Lasker Arena"]
[Date "2020.08.07"]
[Round "6"]
[White "Buzaglo"]
[Black "SoulofWolf"]
[Result "0-1"]
[WhiteElo "1814"]
[BlackElo "2243"]
[Annotator "TA"]
[PlyCount "50"]
[EventDate "2020.08.07"]
[EventType "swiss (blitz)"]

{[%evp 9,50,-29,-12,-30,8,-56,-29,-45,-21,-99,-110,-174,-169,-250,-240,-244,-235,-249,-194,-187,-185,-185,-63,-431,-315,-844,-844,-911,-907,-926,-933,-977,-941,-1000,-995,-1165,-1152,-1465,-1446,-2952,-1861,-29992,-29993]} 1. d4 c5 2. Nf3 e6 3. dxc5 Nf6 4. c6 Nxc6 5. c4 {[#]} g6 $146 ({Predecessor:} 5... Bb4+ 6. Bd2 O-O 7. Nc3 d5 8. cxd5 Nxd5 9. Rc1 Bd7 10. Nxd5 exd5 11. Bxb4 Nxb4 {0-1 (39) Melian,J (1950)-Grunberg,M (2401) chess.com INT 2020}) 6. Nc3 {A46: 1 d4 Nf6 2 Nf3 e6: Torre, London and Colle Systems.} Bg7 7. g3 ({White should play} 7. e4 $11) 7... O-O 8. Bg2 {Black has an edge.} Na5 9. e4 (9. O-O $11) 9... Nxc4 $17 10. e5 (10. Nd2 $17 Nxd2 11. Bxd2) 10... Ng4 $19 11. h3 (11. Bf4 {is a better defense.}) 11... Ngxe5 12. Nxe5 Nxe5 13. O-O Qb6 14. Be3 Qxb2 15. Rc1 {intending Bc5.} Nc4 (15... Qb4 $19 {Threatens to win with ...Nc4.} 16. Ne4 b6) 16. Na4 $2 {[%mdl 8192] [#] Now White is beyond hope.} (16. Bc5 $1 $15) 16... Qxa2 17. Rc2 $2 (17. Bc5 d6 18. Re1) 17... Qxa4 18. Qc1 Nxe3 19. fxe3 d5 20. Rc7 Bd7 21. Qc5 Bc6 22. Rb1 Be5 {[%mdl 64] [#] Double Attack} 23. Re7 Rad8 24. e4 Bd6 25. Qc2 Qxc2 {Accuracy: White = 31%, Black = 36%.} 0-1

[Event "Stay Safe Play From Home 364"]
[Site "Emanuel Lasker Arena"]
[Date "2020.08.07"]
[Round "6"]
[White "Cirovicz"]
[Black "Klasman"]
[Result "1-0"]
[WhiteElo "1800"]
[BlackElo "1430"]
[Annotator "NA RC"]
[PlyCount "51"]
[EventDate "2020.08.07"]
[EventType "swiss (blitz)"]

1. e3 {[%emt 0:00:01]} f5 {[%emt 0:00:01]} 2. c4 {[%emt 0:00:01]} e5 {[%emt 0:00:01]} 3. Nc3 {[%emt 0:00:01]} Nf6 {[%emt 0:00:01]} 4. f4 {[%emt 0:00:01]} e4 {[%emt 0:00:04]} 5. d4 {[%emt 0:00:01]} Ng4 {[%emt 0:00:02]} 6. h3 {[%emt 0:00:01]} Qh4+ {[%emt 0:00:03]} 7. Kd2 {[%emt 0:00:01]} Qf2+ {[%emt 0:00:07]} 8. Qe2 {[%emt 0:00:01]} Bb4 {[%emt 0:00:07]} 9. hxg4 {[%emt 0:00:02]} Qxe2+ {[%emt 0:00:06]} 10. Kxe2 {[%emt 0:00:03]} fxg4 {[%emt 0:00:01]} 11. a3 {[%emt 0:00:01]} Bxc3 {[%emt 0:00:01]} 12. bxc3 {[%emt 0:00:01]} d6 {[%emt 0:00:04]} 13. Kf2 {[%emt 0:00:01]} h5 {[%emt 0:00:01]} 14. Ne2 {[%emt 0:00:02]} g6 {[%emt 0:00:01]} 15. Ng3 {[%emt 0:00:01]} O-O {[%emt 0:00:02]} 16. Be2 {[%emt 0:00:01]} Nd7 {[%emt 0:00:05]} 17. Nxh5 {[%emt 0:00:01]} gxh5 {[%emt 0:00:02]} 18. Rxh5 {[%emt 0:00:01]} Nf6 {[%emt 0:00:01]} 19. Rg5+ {[%emt 0:00:01]} Kf7 {[%emt 0:00:01]} 20. Bb2 {[%emt 0:00:02]} Rh8 {[%emt 0:00:02]} 21. c5 {[%emt 0:00:01]} dxc5 {[%emt 0:00:02]} 22. dxc5 {[%emt 0:00:01]} Be6 {[%emt 0:00:02]} 23. c4 {[%emt 0:00:01]} Rad8 {[%emt 0:00:01]} 24. Bxf6 {[%emt 0:00:02]} Kxf6 {[%emt 0:00:01]} 25. Rd5 {[%emt 0:00:02]} Bxd5 {[%emt 0:00:02]} 26. cxd5 {[%emt 0:00:01] Time Time Time Time Time} 1-0

[Event "Stay Safe Play From Home 364"]
[Site "Emanuel Lasker Arena"]
[Date "2020.08.07"]
[Round "6"]
[White "Trotsky"]
[Black "Ao017545"]
[Result "0-1"]
[WhiteElo "1524"]
[BlackElo "1681"]
[Annotator "NA"]
[PlyCount "58"]
[EventDate "2020.08.07"]
[EventType "swiss (blitz)"]

1. d4 {[%emt 0:00:01]} e5 {[%emt 0:00:01]} 2. e3 {[%emt 0:00:00]} exd4 {[%emt 0:00:00]} 3. exd4 {[%emt 0:00:01]} Nc6 {[%emt 0:00:01]} 4. Be3 {[%emt 0:00:01]} d5 {[%emt 0:00:00]} 5. c4 {[%emt 0:00:01]} Nf6 {[%emt 0:00:03]} 6. Nc3 {[%emt 0:00:01]} Bg4 {[%emt 0:00:01]} 7. f3 {[%emt 0:00:02]} Be6 {[%emt 0:00:01]} 8. c5 {[%emt 0:00:01]} Nh5 {[%emt 0:00:05]} 9. a3 {[%emt 0:00:01]} Qh4+ {[%emt 0:00:01]} 10. Bf2 {[%emt 0:00:03]} Qf4 {[%emt 0:00:08]} 11. Qc2 {[%emt 0:00:02]} Bf5 {[%emt 0:00:02]} 12. Bd3 {[%emt 0:00:02]} Bxd3 {[%emt 0:00:04]} 13. Qxd3 {[%emt 0:00:01]} O-O-O {[%emt 0:00:00]} 14. Be3 {[%emt 0:00:01]} Re8 {[%emt 0:00:01]} 15. g3 {[%emt 0:00:11]} Rxe3+ {[%emt 0:00:04]} 16. Kf2 {[%emt 0:00:05]} Rxd3 {[%emt 0:00:08]} 17. gxf4 {[%emt 0:00:01]} Rd2+ {[%emt 0:00:01]} 18. Ke3 {[%emt 0:00:03]} Rxb2 {[%emt 0:00:01]} 19. Nge2 {[%emt 0:00:03]} Ne7 {[%emt 0:00:04]} 20. Rhb1 {[%emt 0:00:01]} Nf5+ {[%emt 0:00:01]} 21. Kf2 {[%emt 0:00:02]} Rd2 {[%emt 0:00:05]} 22. Rb3 {[%emt 0:00:03]} Nxf4 {[%emt 0:00:02]} 23. Rab1 {[%emt 0:00:02]} Nd3+ {[%emt 0:00:01]} 24. Kf1 {[%emt 0:00:03]} Rd1+ {[%emt 0:00:01]} 25. Rxd1 {[%emt 0:00:02]} Ne3+ {[%emt 0:00:00]} 26. Kg1 {[%emt 0:00:03]} Nxd1 {[%emt 0:00:00]} 27. Na4 {[%emt 0:00:01]} Ne5 {[%emt 0:00:00]} 28. c6 {[%emt 0:00:01]} Ne3 {[%emt 0:00:00]} 29. cxb7+ {[%emt 0:00:01]} Kb8 {[%emt 0:00:01] ' ' ' ' ' Âðåìÿ Âðåìÿ Âðåìÿ Âðåìÿ Âðåìÿ (Lag: Av=0.67s, max=1.2s) (Lag: Av=0.67s, max=1.2s) (Lag: Av=0.67s, max=1.2s) (Lag: Av=0.67s, max=1.2s) (Lag: Av=0.67s, max=1.2s)} 0-1

[Event "Stay Safe Play From Home 364"]
[Site "Emanuel Lasker Arena"]
[Date "2020.08.07"]
[Round "7"]
[White "AChessPlayer"]
[Black "Lamborghini"]
[Result "1-0"]
[WhiteElo "2438"]
[BlackElo "2328"]
[Annotator "TA"]
[PlyCount "81"]
[EventDate "2020.08.07"]
[EventType "swiss (blitz)"]

{[%evp 11,80,12,17,-3,42,14,45,22,30,16,43,17,43,40,70,58,102,100,90,88,76,32,138,135,122,98,240,230,188,122,118,106,103,84,155,140,146,121,118,127,325,335,319,303,288,-143,384,386,439,443,451,443,591,351,667,191,236,239,258,89,501,440,698,676,29985,1589,29997,29998,29998,29999,29999]} 1. Nf3 Nf6 2. g3 g6 3. Bg2 Bg7 4. O-O O-O 5. d3 c6 6. e4 d6 {[#]} 7. Be3 $146 {A05: Réti Opening: 1 Nf3 Nf6.} ({Predecessor:} 7. Nc3 e5 8. a4 a5 9. h3 Re8 10. Re1 {½-½ (10) Marjanovic,D (2387)-Pezelj,N (2452) Banja Vrujci 2017}) 7... Nfd7 8. c3 a5 {[%cal Ba7a5,Ba5a4][%mdl 32]} 9. Nbd2 {White is slightly better.} a4 10. d4 b5 11. Qc2 Ba6 12. Rfe1 $36 {[%mdl 2048] White has the initiative.} Ra7 13. b3 Rc7 14. bxa4 bxa4 15. Qxa4 c5 16. Rab1 cxd4 (16... Bd3 $14) 17. cxd4 $16 Bd3 18. Rbc1 Rb7 (18... Nf6 $16 {was worth a try.}) 19. Qa3 $18 Ba6 20. Bf1 ({White should play} 20. e5 $18) 20... Bxf1 $16 21. Kxf1 Qb6 22. Rb1 Qc6 (22... Ra7 $142 23. Qd3 (23. Rxb6 Rxa3 24. Rb7 Rc8 $16) 23... Qa5) 23. d5 Qc8 24. Kg2 Rxb1 25. Rxb1 Ne5 $2 {[#]} (25... Na6 $16 {keeps fighting.} 26. Nd4 Bxd4 27. Bxd4 Nac5) 26. Nxe5 $18 Bxe5 27. Qa7 Nd7 28. Rc1 $2 ({Better is} 28. Rb7 $18 Nf6 29. Rc7) 28... Qd8 $2 {[%mdl 8192]} (28... Qxc1 $17 {and life is bright.} 29. Qxd7 Bf6) 29. Nf3 Bg7 30. Rc7 Nf6 31. Rxe7 Qc8 32. Rc7 Qg4 $2 (32... Qe8 33. Nd2 Ng4) 33. e5 $2 (33. Ng5 Bh6 34. f3) 33... dxe5 34. h3 Qe4 35. d6 $2 (35. Bc5 $18 {and the rest is easy.} Qxd5 36. Bxf8 Bxf8 37. Qa6) 35... g5 $2 {[%mdl 8192]} (35... Nd5 $16) 36. Bxg5 Nd5 (36... Qd5 $142 37. Bxf6 Bxf6) 37. Qb7 f6 38. Bd2 (38. Rxg7+ $142 Kh8 39. Bh6 Ne3+ 40. fxe3 Qxb7 41. Rxb7 Ra8 42. Bg7+ {[%mdl 64] Double Attack} Kg8 43. Bxf6) 38... f5 39. Rxg7+ {[%mdl 64] [#] Double Attack. White mates.} Kh8 40. Rxh7+ Kg8 41. Qg7# {Accuracy: White = 49%, Black = 22%.} 1-0

[Event "Stay Safe Play From Home 364"]
[Site "Emanuel Lasker Arena"]
[Date "2020.08.07"]
[Round "7"]
[White "BrainThinker22"]
[Black "Cirovicz"]
[Result "1-0"]
[WhiteElo "2348"]
[BlackElo "1804"]
[Annotator "NA"]
[PlyCount "105"]
[EventDate "2020.08.07"]
[EventType "swiss (blitz)"]

1. e4 {[%emt 0:00:01]} d6 {[%emt 0:00:03]} 2. Nc3 {[%emt 0:00:01]} g6 {[%emt 0:00:01]} 3. g3 {[%emt 0:00:00]} Bg7 {[%emt 0:00:00]} 4. Bg2 {[%emt 0:00:00]} Nf6 {[%emt 0:00:00]} 5. d3 {[%emt 0:00:00]} Nfd7 {[%emt 0:00:00]} 6. h3 {[%emt 0:00:00]} e5 {[%emt 0:00:01]} 7. Be3 {[%emt 0:00:00]} Nc5 {[%emt 0:00:01]} 8. Qd2 {[%emt 0:00:00]} Nc6 {[%emt 0:00:01]} 9. Nge2 {[%emt 0:00:00]} Be6 {[%emt 0:00:01]} 10. O-O {[%emt 0:00:00]} f5 {[%emt 0:00:01]} 11. f4 {[%emt 0:00:02]} fxe4 {[%emt 0:00:01]} 12. dxe4 {[%emt 0:00:00]} Qd7 {[%emt 0:00:01]} 13. Kh2 {[%emt 0:00:01]} exf4 {[%emt 0:00:01]} 14. Nxf4 {[%emt 0:00:01]} O-O-O {[%emt 0:00:01]} 15. Rad1 {[%emt 0:00:03]} Be5 {[%emt 0:00:02]} 16. Bxc5 {[%emt 0:00:02]} dxc5 {[%emt 0:00:01]} 17. Qxd7+ {[%emt 0:00:01]} Bxd7 {[%emt 0:00:03]} 18. Ncd5 {[%emt 0:00:01]} Bxf4 {[%emt 0:00:01]} 19. gxf4 {[%emt 0:00:01]} Be6 {[%emt 0:00:01]} 20. c3 {[%emt 0:00:05]} Bxd5 {[%emt 0:00:02]} 21. exd5 {[%emt 0:00:00]} Ne7 {[%emt 0:00:01]} 22. Be4 {[%emt 0:00:01]} Nf5 {[%emt 0:00:01]} 23. Bxf5+ {[%emt 0:00:01]} gxf5 {[%emt 0:00:01]} 24. Rfe1 {[%emt 0:00:01]} Rhe8 {[%emt 0:00:01]} 25. Re5 {[%emt 0:00:00]} Rxe5 {[%emt 0:00:01]} 26. fxe5 {[%emt 0:00:00]} c6 {[%emt 0:00:01]} 27. d6 {[%emt 0:00:01]} Kd7 {[%emt 0:00:00]} 28. Kg3 {[%emt 0:00:00]} Ke6 {[%emt 0:00:01]} 29. Kf4 {[%emt 0:00:00]} Rd7 {[%emt 0:00:00]} 30. Rg1 {[%emt 0:00:02]} Rf7 {[%emt 0:00:01]} 31. Rg8 {[%emt 0:00:02]} b5 {[%emt 0:00:01]} 32. Re8+ {[%emt 0:00:01]} Kd7 {[%emt 0:00:01]} 33. Ra8 {[%emt 0:00:01]} Ke6 {[%emt 0:00:01]} 34. b3 {[%emt 0:00:02]} b4 {[%emt 0:00:01]} 35. c4 {[%emt 0:00:03]} Rg7 {[%emt 0:00:02]} 36. Re8+ {[%emt 0:00:02]} Kd7 {[%emt 0:00:02]} 37. Re7+ {[%emt 0:00:01]} Rxe7 {[%emt 0:00:02]} 38. dxe7 {[%emt 0:00:00]} Kxe7 {[%emt 0:00:00]} 39. Kxf5 {[%emt 0:00:00]} a5 {[%emt 0:00:02]} 40. e6 {[%emt 0:00:02]} h5 {[%emt 0:00:02]} 41. h4 {[%emt 0:00:02]} Ke8 {[%emt 0:00:03]} 42. Kf6 {[%emt 0:00:01]} Kf8 {[%emt 0:00:01]} 43. e7+ {[%emt 0:00:00]} Ke8 {[%emt 0:00:01]} 44. Ke6 {[%emt 0:00:00]} a4 {[%emt 0:00:01]} 45. Kd6 {[%emt 0:00:01]} axb3 {[%emt 0:00:02]} 46. axb3 {[%emt 0:00:00]} Kf7 {[%emt 0:00:01]} 47. Kd7 {[%emt 0:00:00]} Kf6 {[%emt 0:00:01]} 48. e8=Q {[%emt 0:00:00]} Kf5 {[%emt 0:00:01]} 49. Qe2 {[%emt 0:00:01]} Kf4 {[%emt 0:00:01]} 50. Qxh5 {[%emt 0:00:01]} Ke3 {[%emt 0:00:01]} 51. Qxc5+ {[%emt 0:00:00]} Kd3 {[%emt 0:00:01]} 52. Qxb4 {[%emt 0:00:01]} Kc2 {[%emt 0:00:00]} 53. Qc5 {[%emt 0:00:00] (Lag: Av=0.79s, max=1.1s) (Lag: Av=0.79s, max=1.1s) (Lag: Av=0.79s, max=1.1s) (Lag: Av=0.79s, max=1.1s) (Lag: Av=0.79s, max=1.1s)} 1-0

[Event "Stay Safe Play From Home 364"]
[Site "Emanuel Lasker Arena"]
[Date "2020.08.07"]
[Round "7"]
[White "SoulofWolf"]
[Black "NTBT_DHS"]
[Result "0-1"]
[WhiteElo "2246"]
[BlackElo "2592"]
[Annotator "TA"]
[PlyCount "60"]
[EventDate "2020.08.07"]
[EventType "swiss (blitz)"]

{[%evp 13,60,37,43,27,54,-4,-3,-14,-5,-307,-304,-304,-297,-305,-295,-306,-306,-334,-327,-358,-332,-452,-426,-565,-570,-616,-595,-1033,-1006,-1325,-1252,-1497,-1309,-1672,-1251,-29989,-29990,-29990,-29991,-29997,-29992,-29994,-29995,-29995,-29994,-29996,-29997,-29997,-29996]} 1. c4 Nf6 2. Nc3 g6 3. e3 Bg7 4. Nf3 O-O 5. Be2 d6 6. O-O Nc6 {[%cal Bb8c6,Bc6b4,Bb4c2][%mdl 32]} 7. d4 e5 8. h3 {A25: English Opening vs King's Indian with ...Nc6 but without early d3.} Re8 {[#]} 9. Qc2 $146 (9. d5 $14 Nb8 10. e4) ({Predecessor:} 9. d5 Ne7 10. e4 Nh5 11. Ng5 Nf4 12. Bg4 f5 13. exf5 Nxf5 14. Bxf4 exf4 15. Ne6 Bxe6 16. dxe6 {1-0 (45) Osborne,M (2166)-Saravanan,A (1711) London 2019}) 9... exd4 10. exd4 {The position is equal.} Bf5 11. Bd3 $2 {[%mdl 8192]} (11. Qb3 $11 {and White has nothing to worry.}) 11... Nb4 $1 $19 {[%csl LRc2,LRd3][%mdl 64] [#] Double Attack} 12. Bxf5 {And now Qb3 would win.} Nxc2 13. Bxc2 c6 14. Bg5 Qb6 15. b3 h6 16. Na4 Qc7 17. Bh4 Ne4 18. Rfe1 f5 19. Re2 g5 20. Bg3 Nxg3 21. fxg3 Rxe2 22. Bxf5 Rf8 23. Bg4 b5 24. Nh2 Bxd4+ {Black mates.} 25. Kh1 Bxa1 26. cxb5 Rc2 27. Be6+ {[#]} Kg7 $1 28. Ng4 Qe7 29. Bc4 Qe1+ {[%mdl 64] Double Attack} 30. Kh2 h5 {White got outplayed after the opening. Accuracy: White = 12%, Black = 89%.} 0-1

[Event "Stay Safe Play From Home 364"]
[Site "Emanuel Lasker Arena"]
[Date "2020.08.07"]
[Round "7"]
[White "Hickey"]
[Black "Tran Minh Thang"]
[Result "0-1"]
[WhiteElo "2138"]
[BlackElo "2419"]
[Annotator "TA"]
[PlyCount "108"]
[EventDate "2020.08.07"]
[EventType "swiss (blitz)"]

{[%evp 16,108,-1,-6,-2,-6,20,-4,30,-8,99,93,93,0,0,0,0,-4,179,-12,-8,-8,-6,-2,-10,-17,-5,-25,-8,-6,-8,-13,0,-59,-54,-81,-82,-94,-40,-226,-218,-1064,-1053,-1030,-1029,-994,-981,-881,-862,-1326,-1273,-1313,-967,-1098,-499,-5350,-5350,-5206,-4964,-4782,-4702,-4562,-4208,-4839,-1856,-29986,-938,-1321,-1093,-950,-931,-898,-898,-29987,-29988,-29988,-29982,-29990,-29990,-29990,-29991,-29991,-29991,-29991,-29991,-29993,-29994,-29994,-29995,-29995,-29996,-29996,-29997,-29997,-29998]} 1. Nf3 Nf6 2. g3 g6 3. Bg2 Bg7 4. O-O O-O 5. b3 d5 6. Bb2 c5 7. e3 Nc6 8. d4 Ne4 9. Nbd2 Bf5 {A05: Réti Opening: 1 Nf3 Nf6.} 10. c3 Rc8 {[#]} 11. Rc1 $146 ({Predecessor:} 11. Nxe4 Bxe4 12. dxc5 Nb4 13. Qd2 Nd3 14. b4 b6 15. Ne1 Bxg2 16. Nxg2 Nxb2 17. Qxb2 bxc5 {½-½ (48) Wickenfeld,S (2175)-Spriestersbach,K (1734) Gelsenkirchen 2019}) 11... h6 {The position is equal.} 12. Nxe4 (12. Nh4 {keeps more tension.} cxd4 13. cxd4 Nxd2 14. Qxd2 Bg4 15. f3) 12... dxe4 {[#]} (12... Bxe4 $11 13. Nd2 Bxg2 14. Kxg2 Re8) 13. Nd2 $1 $16 cxd4 14. exd4 (14. cxd4 $16 e5 15. dxe5 (15. Bxe4 exd4 16. Bxf5 gxf5 $14)) 14... e5 $1 $11 15. Nxe4 {Threatens to win with d5.} exd4 16. cxd4 Qa5 $2 (16... Re8 $11 {and Black has nothing to worry.} 17. Re1 Nxd4) 17. d5 $2 (17. Nd6 $18) 17... Bxb2 18. Rc2 $1 Bg7 19. dxc6 Rxc6 20. Rxc6 bxc6 21. Qc2 Re8 22. Qxc6 Rc8 $36 {[%mdl 2048] Black is more active.} 23. Qb7 {Threatening Nd6.} Rd8 24. Rc1 (24. Qe7 $11) 24... Qxa2 $15 25. h3 Qb2 26. Re1 Be6 (26... Bd4 $17 {Hoping for ...Bxe4.} 27. Kh2 Bb6) 27. Nc5 $2 {[#] White is on the road to losing.} (27. Qxa7 $15 Qxb3 28. Qc5) 27... Bd4 $1 $19 {[%mdl 512]} 28. Nxe6 $2 (28. Ne4) 28... Qxf2+ {[%mdl 64] Double Attack} 29. Kh2 Qxe1 {[%csl Gd4][%cal Re1g1]} 30. Nxd4 Rxd4 {[%mdl 4096] Endgame KQR-KQB} 31. Qa8+ Kg7 32. Qxa7 Rd2 33. Qb7 Qf2 34. h4 Rd1 (34... Rb2 $142 35. Qe4 Rxb3 36. Qe5+ Kh7) 35. Qf3 (35. Qe4 $142) 35... Qxf3 36. Bxf3 {KR-KB} Rd2+ 37. Kh3 Rd3 38. Be4 Rxb3 39. Bg2 Rb4 (39... Rb2 $142 40. g4 Rb3+ 41. Kh2 f5 42. gxf5 gxf5) 40. Be4 h5 (40... Rxe4 $142 41. Kh2 Kf6 42. Kg2 Kf5 43. Kf3 h5 44. Kg2 Kg4 45. Kf2 Re5 46. Kg2 Rf5 47. Kh2 Rf2+ 48. Kh1 Kxg3 49. Kg1 f5 50. Kh1 Rf1#) 41. Bf3 Rb6 42. Kg2 Rf6 43. Be2 Rd6 44. Bd3 Rxd3 {Black mates.} 45. Kf2 {[#]} Rxg3 $1 {KR-KP} 46. Ke2 (46. Kxg3 Kf6) 46... Rg4 47. Kd3 Kf6 48. Kc3 Rxh4 {KR-K} 49. Kb3 Rg4 50. Ka3 h4 51. Kb2 h3 52. Kc2 h2 53. Kd2 h1=Q 54. Ke2 Qh3 {Accuracy: White = 36%, Black = 59%.} 0-1